[Event "WCO2014"]
[Site "Tromso"]
[Date "2014.08.03"]
[Round "2.38"]
[WhiteID "3900533"]
[White "Rovira Contreras Tairu Manuela"]
[BlackID "8601283"]
[Black "Zhao Xue"]
[Result "0-1"]
[LiveChessVersion "1.4.3"]
[BlackElo "2508"]
[WhiteElo "2076"]

1. d4 {[%clk 1:30:51]} Nf6 {[%clk 1:30:42]} 2. c4 {[%clk 1:31:01]} e6
{[%clk 1:31:06]} 3. g3 {[%clk 1:31:16]} Bb4+ {[%clk 1:30:51]} 4. Bd2
{[%clk 1:30:46]} c5 {[%clk 1:31:13]} 5. Bxb4 {[%clk 1:22:04]} cxb4
{[%clk 1:31:37]} 6. Bg2 {[%clk 1:20:09]} O-O {[%clk 1:32:00]} 7. Nd2
{[%clk 1:13:38]} d6 {[%clk 1:32:12]} 8. Qb3 {[%clk 1:11:49]} Qb6 {[%clk 1:22:54]}
9. Ngf3 {[%clk 1:04:52]} a5 {[%clk 1:21:26]} 10. O-O {[%clk 0:54:33]} Bd7
{[%clk 1:17:45]} 11. Rac1 {[%clk 0:48:03]} Na6 {[%clk 1:17:27]} 12. e4
{[%clk 0:29:39]} Bc6 {[%clk 1:14:14]} 13. Rfe1 {[%clk 0:24:53]} Rfe8
{[%clk 1:11:40]} 14. h3 {[%clk 0:19:47]} Rad8 {[%clk 1:04:33]} 15. Re3
{[%clk 0:13:18]} Qc7 {[%clk 1:00:42]} 16. Ne1 {[%clk 0:07:33]} e5
{[%clk 0:55:44]} 17. d5 {[%clk 0:04:56]} Nc5 {[%clk 0:56:09]} 18. Qc2
{[%clk 0:04:44]} Ba4 {[%clk 0:56:34]} 19. Qb1 {[%clk 0:04:26]} g6
{[%clk 0:54:47]} 20. Nd3 {[%clk 0:04:09]} Rc8 {[%clk 0:54:23]} 21. Bf1
{[%clk 0:03:57]} Qe7 {[%clk 0:51:53]} 22. Nxc5 {[%clk 0:03:14]} Rxc5
{[%clk 0:52:13]} 23. Bd3 {[%clk 0:03:23]} Rcc8 {[%clk 0:51:30]} 24. Kh2
{[%clk 0:02:21]} Rf8 {[%clk 0:49:15]} 25. f4 {[%clk 0:01:18]} exf4
{[%clk 0:48:38]} 26. gxf4 {[%clk 0:01:43]} Nh5 {[%clk 0:46:59]} 27. Rf1
{[%clk 0:01:59]} g5 {[%clk 0:44:31]} 28. b3 {[%clk 0:01:36]} Bd7 {[%clk 0:43:39]}
29. f5 {[%clk 0:01:05]} Qe5+ {[%clk 0:43:53]} 30. Kg2 {[%clk 0:01:17]} Nf4+
{[%clk 0:43:31]} 31. Kh1 {[%clk 0:01:16]} Qc3 {[%clk 0:33:57]} 32. Qc2
{[%clk 0:00:46]} Qd4 {[%clk 0:34:07]} 33. Rg3 {[%clk 0:00:55]} Kh8
{[%clk 0:34:30]} 34. Qb1 {[%clk 0:00:56]} f6 {[%clk 0:31:59]} 35. Qa1
{[%clk 0:00:55]} Qc3 {[%clk 0:32:17]} 36. Qxc3 {[%clk 0:00:57]} bxc3
{[%clk 0:32:43]} 37. Nb1 {[%clk 0:01:15]} b5 {[%clk 0:33:09]} 38. Na3
{[%clk 0:00:41]} b4 {[%clk 0:32:53]} 39. Nc2 {[%clk 0:00:58]} Rfe8
{[%clk 0:28:17]} 40. Re1 {[%clk 0:01:13]} Re5 {[%clk 0:28:09]} 41. Rge3
{[%clk 0:01:22]} Rg8 {[%clk 0:23:58]} 42. Be2 {[%clk 0:01:11]} h5
{[%clk 0:20:22]} 43. Bd1 {[%clk 0:01:13]} Kg7 {[%clk 0:18:16]} 44. Kh2
{[%clk 0:01:21]} Kf7 {[%clk 0:18:01]} 45. Kg3 {[%clk 0:01:20]} Ke7
{[%clk 0:17:24]} 46. a3 {[%clk 0:01:25]} Rb8 {[%clk 0:16:27]} 47. axb4
{[%clk 0:01:38]} axb4 {[%clk 0:16:52]} 48. Bf3 {[%clk 0:01:51]} h4+
{[%clk 0:14:30]} 49. Kh2 {[%clk 0:02:08]} Ra8 {[%clk 0:10:19]} 50. Bd1
{[%clk 0:01:25]} Ra2 {[%clk 0:10:25]} 51. Kh1 {[%clk 0:01:26]} Rb2
{[%clk 0:10:49]} 52. Nxb4 {[%clk 0:00:46]} Ng2 {[%clk 0:10:52]} 53. Bc2
{[%clk 0:00:52]} Nxe1 {[%clk 0:10:54]} 54. Rxe1 {[%clk 0:01:18]} Kf7
{[%clk 0:09:14]} 55. Rc1 {[%clk 0:01:26]} Re8 {[%clk 0:08:51]} 56. Nd3
{[%clk 0:01:08]} Rxe4 {[%clk 0:09:00]} 57. Nxb2 {[%clk 0:00:59]} cxb2
{[%clk 0:09:26]} 58. Rb1 {[%clk 0:01:23]} Re2 {[%clk 0:09:35]} 59. Rxb2
{[%clk 0:01:07]} Bxf5 {[%clk 0:09:49]} 60. Bxf5 {[%clk 0:01:20]} Rxb2
{[%clk 0:10:10]} 61. Be6+ {[%clk 0:00:37]} Ke7 {[%clk 0:10:28]} 62. Bg4
{[%clk 0:00:43]} Rxb3 {[%clk 0:10:31]} 63. Kg2 {[%clk 0:00:53]} Rg3+
{[%clk 0:10:36]} 0-1

[Event "WCO2014"]
[Site "Tromso"]
[Date "2014.08.03"]
[Round "2.39"]
[WhiteID "8603642"]
[White "Tan Zhongyi"]
[BlackID "3900401"]
[Black "Gutierrez Salazar Leonela"]
[Result "1-0"]
[LiveChessVersion "1.4.3"]
[BlackElo "2096"]
[WhiteElo "2468"]

1. d4 {[%clk 1:30:53]} Nf6 {[%clk 1:30:54]} 2. c4 {[%clk 1:31:11]} g6
{[%clk 1:31:14]} 3. Nc3 {[%clk 1:31:18]} Bg7 {[%clk 1:31:15]} 4. e4
{[%clk 1:31:01]} d6 {[%clk 1:31:27]} 5. Be2 {[%clk 1:31:00]} O-O {[%clk 1:31:37]}
6. Nf3 {[%clk 1:31:25]} e5 {[%clk 1:31:52]} 7. Be3 {[%clk 1:31:32]} c6
{[%clk 1:29:44]} 8. O-O {[%clk 1:29:09]} Nbd7 {[%clk 1:29:22]} 9. d5
{[%clk 1:28:58]} c5 {[%clk 1:26:11]} 10. Rb1 {[%clk 1:23:32]} Ng4
{[%clk 1:23:37]} 11. Bd2 {[%clk 1:17:31]} Bh6 {[%clk 1:19:01]} 12. h3
{[%clk 1:10:44]} Bxd2 {[%clk 1:19:19]} 13. Qxd2 {[%clk 1:11:08]} Ngf6
{[%clk 1:19:41]} 14. Qh6 {[%clk 1:11:17]} Re8 {[%clk 1:04:06]} 15. Ng5
{[%clk 1:09:56]} Nf8 {[%clk 0:51:57]} 16. f4 {[%clk 1:08:51]} N6d7
{[%clk 0:37:04]} 17. Nb5 {[%clk 1:08:49]} f6 {[%clk 0:34:14]} 18. Nxh7
{[%clk 1:07:12]} Nxh7 {[%clk 0:27:55]} 19. Qxg6+ {[%clk 1:06:31]} Kh8
{[%clk 0:28:13]} 20. Nxd6 {[%clk 1:06:15]} Re7 {[%clk 0:25:28]} 21. Nf7+
{[%clk 1:05:17]} Rxf7 {[%clk 0:23:29]} 22. Qxf7 {[%clk 1:05:41]} exf4
{[%clk 0:18:54]} 23. Rxf4 {[%clk 1:05:54]} Ne5 {[%clk 0:19:16]} 24. Qh5
{[%clk 1:06:08]} Bd7 {[%clk 0:19:12]} 25. Rbf1 {[%clk 1:05:25]} Be8
{[%clk 0:17:43]} 26. Qh6 {[%clk 1:05:37]} Kg8 {[%clk 0:11:11]} 27. Bg4
{[%clk 1:01:39]} Qe7 {[%clk 0:11:01]} 28. Be6+ {[%clk 1:01:05]} Bf7
{[%clk 0:11:19]} 29. Rxf6 {[%clk 0:59:38]} Nxf6 {[%clk 0:09:29]} 30. Qg5+
{[%clk 0:59:00]} 1-0

[Event "WCO2014"]
[Site "Tromso"]
[Date "2014.08.03"]
[Round "2.40"]
[WhiteID "3900517"]
[White "Montilla Jorcerys"]
[BlackID "8604002"]
[Black "Guo Qi"]
[Result "0-1"]
[LiveChessVersion "1.4.3"]
[BlackElo "2453"]
[WhiteElo "2118"]

1. d4 {[%clk 1:30:55]} Nf6 {[%clk 1:30:45]} 2. c4 {[%clk 1:31:17]} e6
{[%clk 1:31:08]} 3. Nf3 {[%clk 1:31:40]} d5 {[%clk 1:31:24]} 4. Nc3
{[%clk 1:31:52]} Bb4 {[%clk 1:31:45]} 5. e3 {[%clk 1:30:20]} O-O {[%clk 1:31:59]}
6. Be2 {[%clk 1:29:54]} c5 {[%clk 1:28:42]} 7. O-O {[%clk 1:25:40]} Nc6
{[%clk 1:28:04]} 8. Ne5 {[%clk 1:15:44]} cxd4 {[%clk 1:18:19]} 9. Nxc6
{[%clk 1:15:16]} bxc6 {[%clk 1:18:43]} 10. exd4 {[%clk 1:15:07]} dxc4
{[%clk 1:16:49]} 11. Bxc4 {[%clk 1:15:30]} Qa5 {[%clk 1:11:51]} 12. Qf3
{[%clk 1:14:02]} Ba6 {[%clk 1:09:27]} 13. Bxa6 {[%clk 0:58:13]} Qxa6
{[%clk 1:09:50]} 14. Ne4 {[%clk 0:54:32]} Nd5 {[%clk 1:05:15]} 15. a3
{[%clk 0:50:57]} Be7 {[%clk 1:05:31]} 16. Be3 {[%clk 0:41:56]} Qb6
{[%clk 0:56:48]} 17. Rab1 {[%clk 0:38:47]} Rfd8 {[%clk 0:56:36]} 18. Rfc1
{[%clk 0:35:49]} a5 {[%clk 0:53:55]} 19. Nc5 {[%clk 0:33:11]} Bf6
{[%clk 0:46:45]} 20. Qe4 {[%clk 0:27:42]} Ne7 {[%clk 0:37:46]} 21. b3
{[%clk 0:19:17]} Rd5 {[%clk 0:36:20]} 22. Rc4 {[%clk 0:16:09]} Qd8
{[%clk 0:33:13]} 23. g4 {[%clk 0:10:28]} Nc8 {[%clk 0:30:09]} 24. Qf3
{[%clk 0:06:55]} Nd6 {[%clk 0:29:44]} 25. Rcc1 {[%clk 0:01:52]} Nb5
{[%clk 0:29:52]} 26. Ne4 {[%clk 0:01:07]} Bxd4 {[%clk 0:28:56]} 27. Rxc6
{[%clk 0:01:03]} Nxa3 {[%clk 0:27:19]} 28. Rbc1 {[%clk 0:01:07]} Nb5
{[%clk 0:26:47]} 29. Ng5 {[%clk 0:00:35]} Bf6 {[%clk 0:25:04]} 30. Ne4
{[%clk 0:00:33]} Be7 {[%clk 0:24:16]} 31. Nc3 {[%clk 0:00:44]} Nd4
{[%clk 0:19:47]} 32. Bxd4 {[%clk 0:00:58]} Rxd4 {[%clk 0:20:13]} 33. Nb5
{[%clk 0:00:39]} Rd3 {[%clk 0:19:43]} 34. Qe4 {[%clk 0:00:39]} Rd1+
{[%clk 0:18:07]} 35. Kg2 {[%clk 0:00:35]} Rb8 {[%clk 0:17:22]} 36. Rxd1
{[%clk 0:00:42]} Qxd1 {[%clk 0:17:44]} 37. Nd4 {[%clk 0:00:56]} Rd8
{[%clk 0:17:52]} 38. Nxe6 {[%clk 0:00:35]} fxe6 {[%clk 0:18:11]} 39. Rxe6
{[%clk 0:00:52]} Bf8 {[%clk 0:18:27]} 40. Re5 {[%clk 0:31:00]} Rd4
{[%clk 0:49:03]} 0-1

[Event "WCO2014"]
[Site "Tromso"]
[Date "2014.08.03"]
[Round "2.33"]
[WhiteID "3603687"]
[White "Heredia Serrano Carla"]
[BlackID "1500953"]
[Black "Sahl Sheila Barth"]
[Result "0-1"]
[LiveChessVersion "1.4.3"]
[BlackElo "2216"]
[WhiteElo "2168"]

1. b3 {[%clk 1:30:23]} d5 {[%clk 1:27:55]} 2. Bb2 {[%clk 1:30:47]} Bf5
{[%clk 1:27:28]} 3. Nf3 {[%clk 1:27:05]} e6 {[%clk 1:27:07]} 4. g3
{[%clk 1:22:17]} h6 {[%clk 1:24:25]} 5. Bg2 {[%clk 1:22:29]} Nf6 {[%clk 1:24:21]}
6. O-O {[%clk 1:20:45]} Be7 {[%clk 1:20:38]} 7. d3 {[%clk 1:18:12]} O-O
{[%clk 1:14:32]} 8. Nbd2 {[%clk 1:14:17]} a5 {[%clk 1:13:43]} 9. c4
{[%clk 1:04:07]} c6 {[%clk 1:09:06]} 10. Re1 {[%clk 0:47:03]} Na6
{[%clk 1:05:12]} 11. a3 {[%clk 0:39:34]} Bh7 {[%clk 0:54:41]} 12. Ne5
{[%clk 0:32:05]} Nd7 {[%clk 0:47:06]} 13. Nxd7 {[%clk 0:26:59]} Qxd7
{[%clk 0:47:32]} 14. e4 {[%clk 0:20:21]} dxe4 {[%clk 0:28:07]} 15. Qg4
{[%clk 0:08:04]} f6 {[%clk 0:27:18]} 16. Bxe4 {[%clk 0:04:28]} Bf5
{[%clk 0:24:13]} 17. Bxf5 {[%clk 0:02:54]} exf5 {[%clk 0:24:40]} 18. Qf3
{[%clk 0:01:30]} Bc5 {[%clk 0:23:16]} 19. Nf1 {[%clk 0:01:05]} Rfe8
{[%clk 0:18:17]} 20. Ne3 Qxd3 {[%clk 0:15:56]} 21. Rad1 {[%clk 0:01:00]} Qe4
{[%clk 0:16:14]} 22. Qh5 {[%clk 0:00:40]} Red8 {[%clk 0:09:23]} 23. Rxd8+
{[%clk 0:00:42]} Rxd8 {[%clk 0:09:52]} 24. Bxf6 {[%clk 0:01:02]} Rf8
{[%clk 0:09:30]} 25. Bc3 {[%clk 0:00:42]} Qe6 {[%clk 0:04:29]} 26. Nd5
{[%clk 0:00:35]} Qf7 {[%clk 0:04:47]} 27. Qxf7+ {[%clk 0:00:58]} Kxf7
{[%clk 0:04:47]} 28. Ne3 {[%clk 0:00:55]} g6 {[%clk 0:04:42]} 29. Bxa5
{[%clk 0:00:58]} Bxa3 {[%clk 0:05:11]} 30. Rd1 {[%clk 0:00:58]} Ke6
{[%clk 0:04:50]} 31. Nc2 {[%clk 0:00:54]} Bb2 {[%clk 0:04:41]} 32. Re1+
{[%clk 0:00:47]} Kf7 {[%clk 0:04:24]} 33. Rd1 {[%clk 0:01:01]} Re8
{[%clk 0:02:04]} 34. Rd7+ {[%clk 0:01:00]} Re7 {[%clk 0:02:29]} 35. Rxe7+
{[%clk 0:01:28]} Kxe7 {[%clk 0:02:53]} 36. Bd2 {[%clk 0:01:13]} h5
{[%clk 0:02:57]} 37. b4 {[%clk 0:01:00]} b5 {[%clk 0:01:57]} 38. cxb5
{[%clk 0:00:42]} cxb5 {[%clk 0:02:26]} 39. Kf1 {[%clk 0:00:54]} Nb8
{[%clk 0:01:44]} 40. Be3 {[%clk 0:00:42]} Nc6 {[%clk 0:01:29]} 41. Bc5+
{[%clk 0:00:49]} Ke6 {[%clk 0:01:42]} 42. Ke2 {[%clk 0:24:05]} g5
{[%clk 0:25:27]} 43. f3 {[%clk 0:12:22]} f4 {[%clk 0:14:15]} 44. gxf4
{[%clk 0:02:31]} gxf4 {[%clk 0:14:42]} 45. Ne1 {[%clk 0:01:27]} Bd4
{[%clk 0:13:52]} 46. Bf8 {[%clk 0:01:07]} Kd5 {[%clk 0:11:35]} 47. Bh6
{[%clk 0:00:34]} Be5 {[%clk 0:11:04]} 48. Nd3 {[%clk 0:00:37]} Nd4+
{[%clk 0:10:20]} 49. Kf2 {[%clk 0:01:01]} Ne6 {[%clk 0:10:45]} 50. Ke2
{[%clk 0:00:41]} Bd6 {[%clk 0:11:02]} 51. Kd2 {[%clk 0:00:36]} Kc4
{[%clk 0:11:16]} 52. h3 {[%clk 0:00:31]} Bxb4+ {[%clk 0:06:39]} 53. Nxb4
{[%clk 0:00:49]} Kxb4 {[%clk 0:07:08]} 54. Kd3 {[%clk 0:01:18]} Kc5
{[%clk 0:06:47]} 55. Ke4 {[%clk 0:01:37]} b4 {[%clk 0:06:52]} 56. Ke5
{[%clk 0:00:34]} b3 {[%clk 0:07:04]} 57. Kxe6 {[%clk 0:00:54]} b2
{[%clk 0:07:31]} 58. Bxf4 {[%clk 0:01:01]} b1=Q {[%clk 0:07:57]} 59. Bd6+
{[%clk 0:00:34]} Kc6 {[%clk 0:08:09]} 60. Be5 {[%clk 0:00:46]} Qg6+
{[%clk 0:07:28]} 61. Ke7 {[%clk 0:00:50]} Qf5 {[%clk 0:07:09]} 62. f4
{[%clk 0:01:13]} Qxh3 {[%clk 0:07:33]} 63. Kf6 {[%clk 0:01:17]} Kd5
{[%clk 0:07:30]} 0-1

[Event "WCO2014"]
[Site "Tromso"]
[Date "2014.08.03"]
[Round "2.34"]
[WhiteID "1502786"]
[White "Bjerke Silje"]
[BlackID "3503844"]
[Black "Bosch Garcia Jacqueline"]
[Result "1-0"]
[LiveChessVersion "1.4.3"]
[BlackElo "2173"]
[WhiteElo "2189"]

1. e4 {[%clk 1:30:57]} e5 {[%clk 1:30:54]} 2. Nf3 {[%clk 1:31:22]} Nc6
{[%clk 1:31:19]} 3. Bb5 {[%clk 1:31:35]} a6 {[%clk 1:31:43]} 4. Ba4
{[%clk 1:32:00]} Nf6 {[%clk 1:31:59]} 5. O-O {[%clk 1:31:54]} d6 {[%clk 1:32:11]}
6. c3 {[%clk 1:27:15]} b5 {[%clk 1:21:56]} 7. Bc2 {[%clk 1:24:59]} g6
{[%clk 1:14:21]} 8. d4 {[%clk 1:14:14]} Bg4 {[%clk 1:13:22]} 9. d5
{[%clk 1:09:29]} Ne7 {[%clk 1:06:13]} 10. Nbd2 {[%clk 1:00:09]} Bg7
{[%clk 1:04:32]} 11. c4 {[%clk 0:50:13]} O-O {[%clk 1:02:26]} 12. Qe2
{[%clk 0:46:36]} Rb8 {[%clk 1:01:01]} 13. h3 {[%clk 0:45:06]} Bd7
{[%clk 1:00:29]} 14. c5 {[%clk 0:43:42]} Nh5 {[%clk 0:58:34]} 15. c6
{[%clk 0:36:09]} Bc8 {[%clk 0:53:41]} 16. Kh2 {[%clk 0:34:12]} Nf4
{[%clk 0:52:18]} 17. Qe3 {[%clk 0:33:58]} f5 {[%clk 0:51:11]} 18. Qb3
{[%clk 0:26:17]} Kh8 {[%clk 0:49:25]} 19. Ng1 {[%clk 0:24:42]} fxe4
{[%clk 0:46:24]} 20. Bxe4 {[%clk 0:24:49]} Bf5 {[%clk 0:44:46]} 21. Rd1
{[%clk 0:19:55]} Qc8 {[%clk 0:40:46]} 22. g3 {[%clk 0:15:31]} Nh5
{[%clk 0:36:26]} 23. Bg2 {[%clk 0:15:36]} Nf6 {[%clk 0:34:50]} 24. Nf1
{[%clk 0:12:25]} Be4 {[%clk 0:31:17]} 25. Ne3 {[%clk 0:10:22]} Bxg2
{[%clk 0:28:53]} 26. Kxg2 {[%clk 0:10:50]} Ne4 {[%clk 0:27:50]} 27. f3
{[%clk 0:10:49]} Nc5 {[%clk 0:26:09]} 28. Qc2 {[%clk 0:10:54]} b4
{[%clk 0:25:13]} 29. h4 {[%clk 0:07:29]} Qe8 {[%clk 0:23:01]} 30. Nh3
{[%clk 0:06:36]} h6 {[%clk 0:22:35]} 31. Nf2 {[%clk 0:06:09]} Qf7
{[%clk 0:21:28]} 32. Qe2 {[%clk 0:06:23]} b3 {[%clk 0:18:12]} 33. Ne4
{[%clk 0:04:16]} bxa2 {[%clk 0:15:36]} 34. Nxc5 {[%clk 0:04:42]} dxc5
{[%clk 0:15:57]} 35. Rxa2 {[%clk 0:02:24]} Nxc6 {[%clk 0:15:51]} 36. Nc2
{[%clk 0:01:47]} Nd4 {[%clk 0:12:51]} 37. Nxd4 {[%clk 0:02:15]} cxd4
{[%clk 0:12:20]} 38. Rxa6 {[%clk 0:02:16]} Rbd8 {[%clk 0:10:33]} 39. Qe4
{[%clk 0:02:01]} Rd6 {[%clk 0:04:49]} 40. Rxd6 {[%clk 0:01:50]} cxd6
{[%clk 0:05:18]} 41. Bd2 {[%clk 0:22:46]} Rb8 {[%clk 0:35:16]} 42. b4
{[%clk 0:20:34]} Rb5 {[%clk 0:30:27]} 43. Ra1 {[%clk 0:20:20]} h5
{[%clk 0:27:28]} 44. Ra5 {[%clk 0:19:48]} Rb6 {[%clk 0:26:50]} 45. b5
{[%clk 0:14:01]} Kh7 {[%clk 0:26:22]} 46. g4 {[%clk 0:12:51]} hxg4
{[%clk 0:19:48]} 47. fxg4 {[%clk 0:13:20]} Bh6 {[%clk 0:15:42]} 48. g5
{[%clk 0:09:17]} Bg7 {[%clk 0:15:06]} 49. h5 {[%clk 0:09:15]} Rb8
{[%clk 0:14:06]} 50. Ra3 {[%clk 0:08:46]} Kg8 {[%clk 0:13:04]} 51. hxg6
{[%clk 0:06:00]} Qe8 {[%clk 0:12:25]} 52. Ra7 {[%clk 0:03:17]} Rxb5
{[%clk 0:11:33]} 53. Rf7 {[%clk 0:03:06]} Rb2 {[%clk 0:10:16]} 54. Qh4
{[%clk 0:03:02]} Rxd2+ {[%clk 0:10:08]} 55. Kg1 {[%clk 0:03:21]} Qxf7
{[%clk 0:08:34]} 56. gxf7+ {[%clk 0:03:50]} Kxf7 {[%clk 0:08:53]} 57. Qh5+
{[%clk 0:03:50]} Kg8 {[%clk 0:06:50]} 58. Qg6 {[%clk 0:03:01]} d3
{[%clk 0:04:50]} 59. Qxd6 {[%clk 0:02:49]} Re2 {[%clk 0:04:22]} 60. Qe6+
{[%clk 0:03:05]} Kh8 {[%clk 0:03:04]} 61. g6 {[%clk 0:01:51]} 1-0

[Event "WCO2014"]
[Site "Tromso"]
[Date "2014.08.03"]
[Round "2.35"]
[WhiteID "3600424"]
[White "Moncayo Romero Evelyn"]
[BlackID "14105870"]
[Black "Dolzhikova Olga"]
[Result "0-1"]
[LiveChessVersion "1.4.3"]
[BlackElo "2166"]
[WhiteElo "2119"]

1. e4 {[%clk 1:30:57]} e5 {[%clk 1:30:54]} 2. Nf3 {[%clk 1:31:22]} d6
{[%clk 1:31:19]} 3. d4 {[%clk 1:30:33]} exd4 {[%clk 1:31:24]} 4. Nxd4
{[%clk 1:30:49]} Nf6 {[%clk 1:31:41]} 5. Nc3 {[%clk 1:29:44]} Be7
{[%clk 1:31:34]} 6. Be2 {[%clk 1:28:39]} O-O {[%clk 1:31:29]} 7. O-O
{[%clk 1:24:51]} Re8 {[%clk 1:27:24]} 8. f4 {[%clk 1:22:01]} Bf8 {[%clk 1:22:21]}
9. Bf3 {[%clk 1:22:06]} c5 {[%clk 1:15:57]} 10. Ndb5 {[%clk 1:13:00]} Nc6
{[%clk 0:59:18]} 11. e5 {[%clk 1:02:48]} dxe5 {[%clk 0:52:03]} 12. Qxd8
{[%clk 1:02:11]} Rxd8 {[%clk 0:52:12]} 13. Bxc6 {[%clk 0:34:21]} bxc6
{[%clk 0:51:36]} 14. fxe5 {[%clk 0:34:38]} Ng4 {[%clk 0:40:55]} 15. Bg5
{[%clk 0:31:55]} Rd7 {[%clk 0:39:22]} 16. Nd6 {[%clk 0:29:05]} Nxe5
{[%clk 0:35:08]} 17. Nxc8 {[%clk 0:29:04]} Rxc8 {[%clk 0:35:33]} 18. Ne4
{[%clk 0:25:40]} Rd5 {[%clk 0:24:04]} 19. b3 {[%clk 0:20:50]} c4 {[%clk 0:22:33]}
20. Be3 {[%clk 0:20:39]} a6 {[%clk 0:20:07]} 21. Nc3 {[%clk 0:19:39]} Rd7
{[%clk 0:18:33]} 22. Na4 {[%clk 0:13:52]} Re8 {[%clk 0:11:13]} 23. Bf4
{[%clk 0:12:43]} Ng6 {[%clk 0:10:17]} 24. Bg3 {[%clk 0:07:53]} Rd2
{[%clk 0:08:31]} 25. Rf2 {[%clk 0:07:56]} Ree2 {[%clk 0:07:15]} 26. c3
{[%clk 0:06:20]} h5 {[%clk 0:05:05]} 27. Kf1 {[%clk 0:05:59]} Rxf2+
{[%clk 0:04:46]} 28. Bxf2 {[%clk 0:06:27]} Ne5 {[%clk 0:04:04]} 29. Be3
{[%clk 0:03:52]} Rc2 {[%clk 0:03:31]} 30. Bd4 {[%clk 0:03:45]} Nd3
{[%clk 0:02:59]} 31. bxc4 {[%clk 0:03:32]} Nf4 {[%clk 0:02:35]} 32. Bf2
{[%clk 0:02:14]} h4 {[%clk 0:02:17]} 33. h3 {[%clk 0:01:29]} Be7 {[%clk 0:01:38]}
34. a3 {[%clk 0:00:45]} Nd3 {[%clk 0:01:14]} 35. Bd4 {[%clk 0:00:46]} Nc1
{[%clk 0:01:07]} 36. Rb1 {[%clk 0:00:46]} Ne2 {[%clk 0:00:56]} 37. c5
{[%clk 0:00:31]} Ng3+ {[%clk 0:00:49]} 38. Kg1 {[%clk 0:00:54]} Ne2+
{[%clk 0:01:00]} 39. Kf1 {[%clk 0:01:22]} Nf4 {[%clk 0:01:19]} 40. Re1
{[%clk 0:01:18]} Bg5 {[%clk 0:00:50]} 41. Re8+ {[%clk 0:25:18]} Kh7
{[%clk 0:31:26]} 42. Rc8 {[%clk 0:19:56]} Ne2 {[%clk 0:13:38]} 43. Bf2
{[%clk 0:11:53]} Ng3+ {[%clk 0:13:01]} 44. Bxg3 {[%clk 0:12:07]} hxg3
{[%clk 0:13:27]} 45. Re8 {[%clk 0:05:35]} Rf2+ {[%clk 0:12:59]} 46. Ke1
{[%clk 0:05:10]} Rxg2 {[%clk 0:13:11]} 47. Re4 {[%clk 0:04:11]} f5
{[%clk 0:12:20]} 48. Re5 {[%clk 0:04:23]} g6 {[%clk 0:11:53]} 49. Nb6
{[%clk 0:04:22]} Bd2+ {[%clk 0:05:39]} 50. Kf1 {[%clk 0:04:19]} Rf2+
{[%clk 0:05:57]} 51. Kg1 {[%clk 0:04:45]} Bxc3 {[%clk 0:06:04]} 52. Re3
{[%clk 0:04:37]} Bd4 {[%clk 0:06:16]} 53. Rxg3 {[%clk 0:05:02]} Bxc5
{[%clk 0:05:35]} 54. Nd7 {[%clk 0:04:59]} Rf3+ {[%clk 0:05:21]} 55. Kg2
{[%clk 0:05:21]} Rxg3+ {[%clk 0:05:45]} 56. Kxg3 {[%clk 0:05:50]} Bxa3
{[%clk 0:06:06]} 57. Kf3 {[%clk 0:05:51]} Bd6 {[%clk 0:05:37]} 58. Nf6+
{[%clk 0:05:53]} Kh6 {[%clk 0:05:42]} 59. Ne8 {[%clk 0:06:00]} Be5
{[%clk 0:05:56]} 0-1

[Event "WCO2014"]
[Site "Tromso"]
[Date "2014.08.03"]
[Round "2.36"]
[WhiteID "1501909"]
[White "Hagesather Ellen"]
[BlackID "3600750"]
[Black "Vasquez Ramirez Rocio"]
[Result "1-0"]
[LiveChessVersion "1.4.3"]
[BlackElo "2122"]
[WhiteElo "2182"]

1. e4 {[%clk 1:30:55]} c5 {[%clk 1:30:11]} 2. Nf3 {[%clk 1:31:10]} e6
{[%clk 1:29:30]} 3. d3 {[%clk 1:31:18]} Nc6 {[%clk 1:29:10]} 4. g3
{[%clk 1:31:19]} g6 {[%clk 1:24:42]} 5. Bg2 {[%clk 1:30:24]} Bg7 {[%clk 1:25:05]}
6. O-O {[%clk 1:30:31]} Nge7 {[%clk 1:25:22]} 7. c3 {[%clk 1:28:24]} d5
{[%clk 1:18:10]} 8. Qe2 {[%clk 1:23:43]} O-O {[%clk 1:17:12]} 9. e5
{[%clk 1:22:19]} h6 {[%clk 1:14:54]} 10. h4 {[%clk 1:17:11]} Nf5 {[%clk 0:58:53]}
11. Bf4 {[%clk 1:14:49]} b5 {[%clk 0:58:30]} 12. Na3 {[%clk 1:07:06]} Rb8
{[%clk 0:51:50]} 13. Nc2 {[%clk 0:59:24]} b4 {[%clk 0:46:12]} 14. Ne3
{[%clk 0:53:20]} d4 {[%clk 0:35:05]} 15. Nxf5 {[%clk 0:46:26]} gxf5
{[%clk 0:35:33]} 16. c4 {[%clk 0:46:07]} Bb7 {[%clk 0:32:30]} 17. h5
{[%clk 0:37:06]} Ne7 {[%clk 0:29:28]} 18. a3 {[%clk 0:35:19]} b3 {[%clk 0:29:20]}
19. Nd2 {[%clk 0:30:00]} a5 {[%clk 0:18:04]} 20. a4 {[%clk 0:22:23]} Bxg2
{[%clk 0:15:08]} 21. Kxg2 {[%clk 0:22:49]} Rb4 {[%clk 0:15:34]} 22. Ra3
{[%clk 0:20:36]} Qc7 {[%clk 0:13:36]} 23. Kh2 {[%clk 0:18:27]} Rfb8
{[%clk 0:12:12]} 24. Rg1 {[%clk 0:16:02]} Kh7 {[%clk 0:11:39]} 25. g4
{[%clk 0:13:43]} Nc6 {[%clk 0:08:41]} 26. gxf5 {[%clk 0:10:57]} Bxe5
{[%clk 0:08:46]} 27. Bg3 {[%clk 0:07:43]} exf5 {[%clk 0:06:54]} 28. Qf3
{[%clk 0:05:53]} Ne7 {[%clk 0:06:13]} 29. Re1 {[%clk 0:04:25]} f6
{[%clk 0:06:34]} 30. Bxe5 {[%clk 0:03:50]} fxe5 {[%clk 0:06:45]} 31. Qg3
{[%clk 0:03:53]} f4 {[%clk 0:02:57]} 32. Qf3 {[%clk 0:04:06]} Rf8
{[%clk 0:01:30]} 33. Qe4+ {[%clk 0:02:40]} Rf5 {[%clk 0:01:59]} 34. Nf3
{[%clk 0:02:41]} Qc6 {[%clk 0:00:56]} 35. Nxe5 {[%clk 0:02:14]} Qxe4
{[%clk 0:01:22]} 36. Rxe4 {[%clk 0:02:29]} Rxh5+ {[%clk 0:01:28]} 37. Kg2
{[%clk 0:02:09]} Rb8 {[%clk 0:01:20]} 38. Ng4 {[%clk 0:02:00]} Ng8
{[%clk 0:01:06]} 39. Rxf4 {[%clk 0:01:34]} Rg5 {[%clk 0:00:57]} 40. Kf3
{[%clk 0:00:59]} Kg6 {[%clk 0:01:02]} 41. Re4 {[%clk 0:30:12]} Rf8+
{[%clk 0:26:29]} 42. Ke2 {[%clk 0:29:52]} Kh5 {[%clk 0:20:18]} 43. f3
{[%clk 0:27:54]} Nf6 {[%clk 0:14:07]} 44. Nxf6+ {[%clk 0:26:38]} Rxf6
{[%clk 0:14:36]} 45. Rxb3 {[%clk 0:26:05]} Rg2+ {[%clk 0:14:31]} 46. Kf1
{[%clk 0:24:27]} Rg3 {[%clk 0:13:46]} 47. Rb5 {[%clk 0:20:09]} Rfxf3+
{[%clk 0:09:36]} 48. Ke2 {[%clk 0:20:00]} Rf5 {[%clk 0:09:22]} 49. Kd2
{[%clk 0:19:11]} Rg2+ {[%clk 0:06:02]} 50. Re2 {[%clk 0:17:33]} Rg1
{[%clk 0:04:20]} 51. Rxa5 {[%clk 0:17:16]} Ra1 {[%clk 0:04:43]} 52. Ra6
{[%clk 0:15:03]} Rff1 {[%clk 0:01:26]} 53. Rc6 {[%clk 0:12:27]} Rac1
{[%clk 0:00:45]} 54. Rxc5+ {[%clk 0:12:04]} Kg6 {[%clk 0:01:14]} 55. Rg2+
{[%clk 0:11:47]} Kf6 {[%clk 0:01:42]} 56. Rf2+ {[%clk 0:10:50]} Rxf2+
{[%clk 0:01:21]} 57. Kxc1 {[%clk 0:11:16]} Rf1+ {[%clk 0:01:07]} 58. Kc2
{[%clk 0:11:30]} Rf2+ {[%clk 0:01:36]} 59. Kb1 {[%clk 0:10:56]} Rd2
{[%clk 0:01:56]} 60. a5 {[%clk 0:11:01]} 1-0